• 首页
  • 本馆介绍
  • 公告通知
  • 最新文献
  • 馆藏检索
  • 电子资源
  • 读者导购
  • 参考咨询
  • 我的图书馆
  • 登录
  • 详细信息显示
  • 放入我的书架
  • 预约/预借图书
  • 作者相关作品
  • 分类相关作品
  • 丛书相关作品
  • 出版社相关作品

书目信息

  • 表格格式
  • 工作单格式
  • 卡片格式
题名:
青铜与石块中的灵与肉
    
 
作者: 姚钟华
分册:  
出版信息: 北京   北京工艺美术出版社  2000
页数: 16
开本: 26cm
丛书名: 美术欣赏丛书
单 册:
中图分类: J331
科图分类:
主题词: 雕塑--各国 , 雕塑--世界
电子资源:
ISBN: 7-80526-380-9
000 00705nam0 2200229 450
001 0739037328
005 20070817105037.32
010    @a7-80526-380-9@b精装@d¥10.00
100    @a20070817d km y0chiy0120 ea
101 0  @achi
200 1  @a青铜与石块中的灵与肉@Aqing tong yu shi kuai zhong de ling yu rou@e从古希腊到毕加索@f姚钟华@Fyao zhong hua
210    @a北京@c北京工艺美术出版社@d2000
215    @a16@d26cm
225 2  @a美术欣赏丛书
410  0 @12001 @a美术欣赏丛书
517 1  @a从古希腊到毕加索@Acong gu xi la dao bi jia suo
606 0  @a雕塑@y各国
606 0  @a雕塑@x世界
690    @aJ331@v3
701  0 @a姚钟华@Ayao zhong hua
801  0 @aCN@bPFT@c20070817
905    @a213230@dJ331@eM4@f1
    
    青铜与石块中的灵与肉:从古希腊到毕加索/姚钟华.-北京:北京工艺美术出版社,2000
    16;26cm.-(美术欣赏丛书)
    
    
    ISBN 7-80526-380-9(精装):¥10.00
    
●
相关链接 在E读中查询图书 在五车中查询图书 在当当中查询图书 在豆瓣中查询图书


正题名:青铜与石块中的灵与肉     索取号:J331/M4         预约/预借

序号 登录号 条形码 馆藏地/架位号 状态 备注
1 6400030   264000360   密集书库-美术系/ [索取号:J331/M4] 在馆    
2 6400037   264000379   密集书库-美术系/ [索取号:J331/M4] 在馆    
唐山师范学院图书馆 欢迎您!
大连网信软件有限公司© 版权所有